000 01325nam a2200409L 4500
001 41078
005 20230411085956.0
008 920305s1991 xxu r i000 0 eng d
035 _a(OCoLC)ocn153303481
040 _aNNUN
_cNYDRD
020 _a9211004586
020 _a9789211004588
035 _a(OCoLC)153303481
037 _a91.I.21
_bUnited Nations Publications, Room DC2-0853, Dept. I004, New York, N.Y. 10017
086 _a[ST/]DPI/1134
_2undoc
049 _aGRAL
245 0 0 _aWomen :
_bchallenges to the year 2000.
260 _aNew York :
_bUN, Department of Public Information,
_c1991.
300 _a96 p. :
_bill., graphs, table.
500 _aIncludes bibliographical notes.
500 _aUN sales no.: 91.I.21.
500 _aMaterial type: Sales publications (UN).
506 _aDistribution: General.
610 2 7 _aUN System.
_2unbisn
650 0 7 _aWOMEN'S STATUS.
_2unbist
650 0 7 _aGENDER DISCRIMINATION.
_2unbist
650 0 7 _aPOLITICAL PARTICIPATION.
_2unbist
650 0 7 _aWOMEN IN POLITICS.
_2unbist
650 0 7 _aEDUCATION.
_2unbist
650 0 7 _aMATERNAL WELFARE.
_2unbist
650 0 7 _aWOMEN WORKERS.
_2unbist
650 0 7 _aDOMESTIC VIOLENCE.
_2unbist
650 0 7 _aFOCAL POINTS.
_2unbist
650 0 7 _aPUBLICATIONS.
_2unbist
942 _2lcc
_cbk
994 _aC0
_bDRFGD
999 _c110308
_d110308